000 01239nam a2200337 a 4500
001 000112085
003 CHAP
005 20220329144245.0
008 151202s2015 mx a fsm |||||||spa d
010 _a108546
011 _a109518
040 _cCHAP
090 _aTesis
100 1 _aMartínez Velasco, Luis Enrique
_9130198
245 1 0 _aEvaluación de la calidad del agua en la microcuenca del río San Bernardino, Texcoco, Estado de México /
_h[En línea]
_cpor Luis Enrique Martínez Velasco.
260 _aChapingo, Méx. :
_bEl autor,
_c2015.
500 _aPara ver el contenido del material haga clic en la liga
502 _aTesis (Ing. Forestal ) -- UACH. División de Ciencias Forestales
590 _aE11695DGD
_b10
_c20151203
_lUCH01
_h0744
590 _aE6096MTM
_b05
_c20151202
_lUCH01
_h1302
590 _aE6096MTM
_b05
_c20151202
_lUCH01
_h1306
650 1 4 _aAgua
_xCalidad.
_92316
650 1 4 _aAguas residuales
_xPurificación
_92588
650 1 4 _aEducación ambiental.
_935556
650 1 4 _aMedio ambiente
_xContaminación.
_974069
650 1 4 _aRío San Bernardino, Méx.
_999140
856 _aFinding aid
_uhttp://10.13.5.2/tesis/sist112085.pdf
_zTeclea aquí
901 _aBK
942 _cTESIS
942 _n0
999 _c108546
_d108546